000 01021nam a2200241Ia 4500
001 709.45-ARG gi st (22316)
003 IT-MiSPE
008 171229s9999||||xx |||||||||||||| ||und||
040 _aIT-MiSPE
_cIT-MiSPE
041 _aITALIANO
100 _aGiulio Carlo Argan
245 0 _aStoria dell'arte italiana
_bI.
250 _a11 rist.
260 _aFirenze
_bSansoni
_c1977
300 _a398 p. [3 v.]
_c24 cm
490 _v
500 _aArte - Storia; Arte - Italia
501 _aEdizioni San Paolo srl - Piazza Soncino, 5 - 20092 CINISELLO BALSAMO (MI) (non commercial uses only) ® Copyright 2018
520 _aIll., tav.
942 _cBK
957 _71
999 _a13684
_bNO
_g Copie: 1
_c351385
_d351385